000
00265nam a2200097Ia 4500
001
840625
005
20250826173150.0
008
250824s9999 xx 000 0 und d
245
0
_a
BİR PİRAMİDİN ÖYKÜSÜ
_c
NİCHOLAZ HARRİS
260
_b
BİNBİR ÇİÇEK YAYINLARI
999
_c
840625
_d
840625